000 00619nam a2200241Ia 4500
003 OSt
005 20221005114126.0
006 a|||||r|||| 00| 0
007 ta
008 221004b |||||||| |||| 00| 0 tam d
024 _a49373
037 _cTextual
040 _aCRL
_cCRL
_btam
041 _2tam
_atam
082 _aO31,3MKU,41, J2
100 _aKuppusamymudhaliar Au.
_9603633
245 0 _aAndhara kkalavu
260 _c1952
650 _a TAMIL LITERATURE
650 _aTAMIL FICTION
942 _hO31,3MKU,41, J2
_cTEXL
_2cc
999 _c1030314
_d1030314